000
00281nam a2200109Ia 4500
008
200302s9999 xx 000 0 und d
100
_a
Francis D. k.Ching
245
_a
Building Construction Illustrated
260
_b
CBS Publisher & Distributors
260
_c
1987
300
_a
200 P.,
999
_c
1348
_d
1348